Представление документа в формате RUSMARC

ПолеНазваниеЗначение
  Тип записи a
  Библиографический уровень m
001 Контрольный номер UONB/MAIN/a356d67a41414c268b62a0c954175ddc
005 Дата корректировки 20260113152738.1
010 Индекс ISBN __
d Цена 15 к.
9 Тираж 3000 экз.
100 Данные общей обработки __
a Данные общей обработки 20260113d1987 u y0rusy0189 ca
101 Язык документа 0_
a Язык текста rus
102 Страна публикации __
a Страна публикации RU
105 Кодированные данные (монография) __
a Кодированные данные (монография) a z 000yy
200 Заглавие и сведения об ответственности 1_
a Заглавие Техника в поле
f Первые сведения об ответственности В. И. Кузнецов, В. В. Макаров, А. В. Шишкин
203 Вид содержания и тип средства __
a Вид содержания Текст
b Характеристика содержания визуальный
c Тип средства непосредственный
210 Выходные данные 1_
a Место издания Саратов
c Издательство Приволжское книжное издательство
d Дата издания 1987
215 Физическое описание __
a Объем 63, [1] с.
c Иллюстрации/тип воспроизводства ил.
d Формат 20 см
606 Тематические рубрики 0_
a Основная рубрика Растениеводство
x Основная подрубрика Механизация
y Географическая подрубрика Саратовская область
606 Тематические рубрики 0_
a Основная рубрика Сельскохозяйственные предприятия
x Основная подрубрика Использование техники
y Географическая подрубрика Саратовская область
610 Ключевые слова 0_
a Ключевые слова русское советское сельское хозяйство; сельскохозяйственная техника; саратовское сельское хозяйство
686 Индексы других классификаций __
a Классификационный индекс 40.711
2 Код системы rubbk
700 Автор _1
a Фамилия Кузнецов
b Имя (инициалы) В. И.
g Полное личное имя Виктор Иванович
701 Альтернативная интеллектуальная ответственность _1
a Фамилия Макаров
b Имя (инициалы) В. В.
701 Альтернативная интеллектуальная ответственность _1
a Фамилия Шишкин
b Имя (инициалы) А. В.
801 Источник записи _0
a Страна RU
b Организация Ульяновская ОНБ
c Дата составления 20260113
g Правила каталогизации RCR
801 Источник записи _1
a Страна RU
b Организация Ульяновская ОНБ
c Дата составления 20260113
g Правила каталогизации RCR
901 Тип документа __
t Тип документа m
909 Создатель записи __
a Создатель записи Фризен
b Дата создания записи 20260113